Normal view
MARC view
Entry Personal Name
001 - CONTROL NUMBER
- control field: 9697
003 - CONTROL NUMBER IDENTIFIER
- control field: HDC
005 - DATE AND TIME OF LATEST TRANSACTION
- control field: 20230624073319.0
008 - FIXED-LENGTH DATA ELEMENTS
- fixed length control field: 210202|| aca||aabn | a|a d
040 ## - CATALOGING SOURCE
- Original cataloging agency: HDC
- Transcribing agency: HDC
100 ## - HEADING--PERSONAL NAME
- Personal name: Normah Ismail
670 ## - SOURCE DATA FOUND
- Source citation: Work cat.: (HDC): Normah Ismail, author, Extraction of Collagen from Catfish (Clarias gariepnus) Waste and Determination of its Physico-chemical Properties /, 2012
